Double Lettered Cities In Europe - Statistics

General Stats
  • This quiz has been taken 350 times
    298 since last reset
  • The average score is 18 of 34
Answer Stats
Country Population Answer % Correct
Belgium 1,208,542 Brussels
90%
Austria 1,911,191 Vienna
90%
UK (Wales) 485,000 Cardiff
86%
Estonia 438,341 Tallinn
85%
France 870,731 Marseille
83%
Andorra 22,886 Andorra La Vella
82%
Netherlands 651,157 Rotterdam
80%
Malta 5,730 Valletta
80%
UK (England) 526,043 Leeds
78%
UK (Scotland) 213,224 Aberdeen
77%
UK (England) 912,000 Liverpool
75%
Spain 684,234 Seville
64%
UK (Northern Ireland) 85,016 Derry
60%
France 234,475 Lille
59%
Ukraine 1,015,826 Odessa
59%
Germany 630,305 Stuttgart
59%
Germany 620,523 Düsseldorf
58%
UK (England) 584,853 Sheffield
57%
UK (Scotland) 148,820 Dundee
56%
Denmark 336,411 Aarhus
51%
UK (England) 334,320 Nottingham
51%
UK (Scotland) 47,009 Inverness
47%
Germany 582,415 Essen
46%
Germany 330,579 Bonn
38%
Finland 297,354 Espoo
33%
Germany 309,721 Mannheim
31%
France 220,488 Rennes
30%
Spain 299,265 Valladolid
23%
UK (England) 323,250 Hull
22%
France 295,542 Montpellier
22%
France 173,821 Saint-Étienne
17%
Italy 231,708 Messina
16%
Germany 354,382 Wuppertal
13%
Russia 707,408 Tolyatti
6%
No matching quizzes found
Score Distribution
Percent of People with Each Score
Percentile by Number Answered
Your Score History
You have not taken this quiz since the last reset